000 00511nam a2200169Ia 4500
005 20260415160329.0
008 008 250505s9999 xx 000 0 eng d
037 _aTextual
040 _aFEDL
_beng
_cFEDL
041 _aeng
_2eng
084 _a954.03 SIT
_qFEDL
100 _aSitaramayya B Pattabhi
245 0 _aHistory of the Indian national congress Vol. 2
260 _aBombay, India
_bPadma Publications Limited
942 _cTEXL
_h954.03 SIT
999 _c1321758
_d1321758